[Event "Baden-ch U18"]
[Site "Karlsruhe"]
[Date "2008.01.02"]
[Round "1"]
[White "Teichmann, Alexander"]
[Black "Daniel, Max"]
[Result "1-0"]
[WhiteElo "1820"]
[BlackElo "1507"]
[PlyCount "115"]
[EventDate "2008.01.02"]
[EventType "swiss"]
[EventRounds "7"]
[EventCountry "GER"]
[SourceTitle "EXT 2009"]
[Source "ChessBase"]
[SourceDate "2008.11.26"]
[SourceVersion "1"]
[SourceVersionDate "2008.11.26"]
[SourceQuality "1"]

1. d4 e6 2. e3 Nf6 3. Bd3 d5 4. Nd2 c5 5. c3 Bd6 6. f4 0-0 7. Qf3 Nc6 8. Ne2 Qc7 9. g4 e5 10. dxe5 Bxe5 11. g5 Ne4 12. Nxe4 dxe4 13. Qxe4 g6 14. Ng3 Bg7 15. Bd2 Bd7 16. 0-0-0 Rfe8 17. Qf3 Rad8 18. Bc2 Qc8 19. f5 Ne5 20. Qf4 Bxf5 21. Nxf5 gxf5 22. Bxf5 Nd3+ 23. Bxd3 Rxd3 24. Rhf1 Qd7 25. Kc2 Rd8 26. Rf2 b6 27. h4 a6 28. h5 Be5 29. Qe4 Bg7 30. a3 a5 31. Qf4 b5 32. Qf5 b4 33. Qxd7 R8xd7 34. h6 Bh8 35. axb4 axb4 36. Ra1 bxc3 37. Ra8+ Rd8 38. Rxd8+ Rxd8 39. Bxc3 Bxc3 40. bxc3 Kf8 41. Rf5 Rc8 42. Kd3 Ke7 43. Kc4 Ra8 44. Rxc5 Ra1 45. Rf5 Rd1 46. e4 Ke6 47. Rf6+ Ke7 48. Kc5 Re1 49. Kd5 Rd1+ 50. Ke5 Rc1 51. Rc6 Kd7 52. Rc5 Rf1 53. c4 Rc1 54. Kf6 Rf1+ 55. Rf5 Rc1 56. Kxf7 Rxc4 57. Kg7 Rxe4 58. Kxh7 1-0

[Event "Baden-ch U16"]
[Site "Karlsruhe"]
[Date "2007.01.04"]
[Round "5"]
[White "Daniel, Max"]
[Black "Tiemann, Christoph"]
[Result "0-1"]
[WhiteElo "1353"]
[BlackElo "1700"]
[PlyCount "106"]
[EventDate "2007.01.02"]
[EventType "swiss"]
[EventRounds "7"]
[EventCountry "GER"]
[SourceTitle "EXT 2008"]
[Source "ChessBase"]
[SourceDate "2007.11.25"]
[SourceVersion "1"]
[SourceVersionDate "2007.11.25"]
[SourceQuality "1"]

1. d4 Nf6 2. c4 e5 3. dxe5 Ng4 4. Nf3 Bc5 5. e3 Nc6 6. Be2 Ngxe5 7. 0-0 d6 8. Nbd2 0-0 9. b3 Qe7 10. Bb2 Bf5 11. Nd4 Bd7 12. N2f3 Rae8 13. Re1 f5 14. a3 Qf7 15. Qc2 f4 16. Ng5 Qg6 17. Qxg6 Nxg6 18. b4 fxe3 19. fxe3 Bb6 20. c5 dxc5 21. Bc4+ Kh8 22. bxc5 Nce5 23. Nf7+ Nxf7 24. cxb6 axb6 25. Rf1 Nd6 26. Rxf8+ Nxf8 27. Ba2 Rxe3 28. Rf1 Re8 29. Nf3 Be6 30. Bxe6 Nxe6 31. Ne5 Kg8 32. Rf3 Nc5 33. Kf2 Rf8 34. Rxf8+ Kxf8 35. Ke2 g6 36. Bc3 Ke7 37. Bb4 Ke6 38. Nd3 Nxd3 39. Kxd3 c5 40. Bd2 b5 41. Be3 Kd5 42. g3 Nc4 43. Bc1 Ne5+ 44. Kc3 Nc6 45. Be3 b4+ 46. axb4 Nxb4 47. Bd2 b5 48. Kb3 Nc6 49. Be3 c4+ 50. Kc2 b4 51. h3 Nd4+ 52. Kd2 Ke4 53. Bg5 Nf3+ 0-1